LIFE STORY : (Record no. 171426)

MARC details
000 -LEADER
fixed length control field 02514nam a22003857a 4500
003 - CONTROL NUMBER IDENTIFIER
control field OSt
005 - DATE AND TIME OF LATEST TRANSACTION
control field 20190311155051.0
008 - FIXED-LENGTH DATA ELEMENTS--GENERAL INFORMATION
fixed length control field 190305b my ||||| |||| 00| 0 may d
020 ## - INTERNATIONAL STANDARD BOOK NUMBER
International Standard Book Number 9781849906647
Terms of availability RM 53.90
Qualifying information hardback
040 ## - CATALOGING SOURCE
Original cataloging agency PPAK
Language of cataloging eng
Transcribing agency PPAK
Description conventions rda
082 04 - DEWEY DECIMAL CLASSIFICATION NUMBER
Edition number 23
Classification number 791.4566
090 ## - LOCALLY ASSIGNED LC-TYPE CALL NUMBER (OCLC); LOCAL CALL NUMBER (RLIN)
Classification number (OCLC) (R) ; Classification number, CALL (RLIN) (NR) 791.4566
Feature heading BAR
Feature heading R
100 ## - MAIN ENTRY--PERSONAL NAME
Personal name Barrington, Rupert,
Relator term author
245 10 - TITLE STATEMENT
Title LIFE STORY :
Remainder of title Many lives, one epic journey /
Statement of responsibility, etc. RUPERT BARRINGTON AND MICHAEL GUNTON WITH MILES BARTON, IAN GRAY AND TOM HUGH-JONES ; FOREWORD BY DAVID ATTENBOROUGH
264 #1 - PRODUCTION, PUBLICATION, DISTRIBUTION, MANUFACTURE, AND COPYRIGHT NOTICE
Place of production, publication, distribution, manufacture London :
Name of producer, publisher, distributor, manufacturer BBC Books
Date of production, publication, distribution, manufacture, or copyright notice 2014.
300 ## - PHYSICAL DESCRIPTION
Extent 288 pages :
Other physical details colour illustrations ;
Dimensions 27 cm.
336 ## - CONTENT TYPE
Source rdacontent
Content type term text
337 ## - MEDIA TYPE
Source rdamedia
Media type term unmediated
338 ## - CARRIER TYPE
Source rdacarrier
Carrier type term volume
500 ## - GENERAL NOTE
General note TV tie-in.<br/>
General note "Accompanies the landmark BBC series"--Dust jacket.
520 ## - SUMMARY, ETC.
Summary, etc. Accompanying a landmark six-part BBC series, which also aired on the Discovery Channel, Life Story reveals the extraordinary lengths to which animals will go to ensure their survival Through a series of fascinating and unforgettable stories, Life Story shows how different animals sometimes make surprising choices when they face the great challenges of survival. From growing up, as we see how albatrosses learn to fly and how octopuses perfect the art of using tools, to the elaborate courting rituals of puffer fish, peacock spiders, and more, each chapter provides an astonishing look at the most crucial moments in an animal's life. Each story is illustrated by striking pictures and extraordinary still sequences from the filming. The book also includes a chapter on the making of the show, explaining how the team captured the most intimate moments of these animals' lives, whether tracking them via helicopter or creating an under-sea studio. Packed with intimate animal photography and never-before-seen footage, this book is an astonishing portrait of the natural world's most extraordinary life-or-death moments.
650 10 - SUBJECT ADDED ENTRY--TOPICAL TERM
Topical term or geographic name entry element Life (Television program)
Topical term or geographic name entry element Animals
General subdivision Habitations
-- Pictorial works
Topical term or geographic name entry element Animals
General subdivision Life cycles
-- Pictorial works
Topical term or geographic name entry element Animals
General subdivision Pictorial works
Topical term or geographic name entry element Animals
General subdivision Habitations
Topical term or geographic name entry element Animals
General subdivision Life cycles
700 1# - ADDED ENTRY--PERSONAL NAME
Personal name Gunton, Michael,
Dates associated with a name 1957-,
Relator term author.
Personal name Barton, Miles,
Relator term author
Personal name Gray, Ian,
Relator term author
Personal name Hugh-Jones, Tom,
Relator term author
Personal name Attenborough, David,
Dates associated with a name 1926-,
Relator term writer of foreword
942 ## - ADDED ENTRY ELEMENTS (KOHA)
Source of classification or shelving scheme Dewey Decimal Classification
Koha item type Book
Holdings
Withdrawn Not for loan Current library Shelving location Date acquired Full call number Barcode Date last seen Koha item type
  Not For Loan Perpustakaan Alor Setar Rujukan Dewasa 11/03/2019 R 791.4566 BAR A01594597 11/03/2019 Book
  Not For Loan Perpustakaan Awam Sungai Petani Rujukan Dewasa 11/03/2019 R 791.4566 BAR A01594598 11/03/2019 Book